Cobra Kai Characters Quiz - Statistics

General Stats
  • This quiz has been taken 1,376 times
  • The average score is 13 of 25
Answer Stats
Question Answer % Correct
Cobra Kai's first pupil Miguel Diaz
92%
Alter-ego of above Hawk
84%
School bully Kyler
84%
Above's arch enemy, owner of LaRusso Auto Group Daniel LaRusso
83%
First sensei of Cobra Kai Johnny Lawrence
81%
Second Cobra Kai sensei John Kreese
72%
Girlfriend of above Samantha LaRusso
70%
Friend of above Moon
67%
Johnny's son Robbie Keene
67%
Friend of above Yasmin
64%
Miguel's friend Demetri
62%
Wife of Daniel Amanda LaRusso
54%
Miguel's mother Carmen Diaz
52%
Alter-ego of above Stingray
41%
Sadistic Cobra Kai student, enemy of Sam Tory Nichols
40%
Cobra Kai student who was kicked out for not killing a mouse Bert
38%
Robbie's Juvie bully Shawn
36%
Friend of above Chris
33%
Cobra Kai student, goes by the name of "Ass-Face" Mitch
32%
Ex-girlfriend of Daniel and Johnny Ali Mills
27%
Cobra Kai's second pupil Aisha Robinson
25%
Miguel's grandmother Rosa Diaz
24%
Metallica fan who gives Johnny a mirror Raymond
21%
In the All-Valley Karate Tournament, he beats Aisha and is then beaten by Miguel Xander Stone
19%
Miguel's other friend Eli Moscowitz
8%
No matching quizzes found
Score Distribution
Percent of People with Each Score
Percentile by Number Answered
Your Score History
You have not taken this quiz